[Event "Zonal 2.4 Brasil 2011"]
[Site "Rio de Janeiro BRA"]
[Date "2011.06.24"]
[Round "7.2"]
[White "El Debs, Felipe De Cresce"]
[Black "Di Berardino, Diego Rafael"]
[Result "1/2-1/2"]
[WhiteElo "2497"]
[BlackElo "2480"]
[PlyCount "42"]
[EventDate "2011.06.18"]
[EventType "swiss"]
[EventRounds "9"]
[EventCountry "BRA"]
[Source "lmi"]
[SourceDate "2011.06.18"]

1. Nf3 Nf6 2. c4 e6 3. g3 b6 4. Bg2 Bb7 5. O-O Be7 6. Nc3 O-O 7. Re1 Ne4 8.
Nxe4 Bxe4 9. d3 Bb7 10. e4 c5 11. d4 cxd4 12. Nxd4 d6 13. Be3 a6 14. f4 Qc7 15.
Rc1 Nd7 16. f5 e5 17. Ne2 Rac8 18. Nc3 Qb8 19. Qe2 Nf6 20. g4 h6 21. h3 Bc6
1/2-1/2

[Event "Zonal 2.4 Brasil 2011"]
[Site "Rio de Janeiro BRA"]
[Date "2011.06.24"]
[Round "7.3"]
[White "Matsuura, Everaldo"]
[Black "Barbosa, Evandro Amorim"]
[Result "1/2-1/2"]
[WhiteElo "2480"]
[BlackElo "2343"]
[PlyCount "42"]
[EventDate "2011.06.18"]
[EventType "swiss"]
[EventRounds "9"]
[EventCountry "BRA"]
[Source "lmi"]
[SourceDate "2011.06.18"]

1. Nf3 c5 2. b3 d5 3. e3 a6 4. Bb2 Nc6 5. d4 Nf6 6. dxc5 e6 7. c4 Bxc5 8. cxd5
exd5 9. Be2 O-O 10. O-O Re8 11. Nc3 Ba7 12. Rc1 Qd6 13. Na4 Ne4 14. Nd4 Ne5 15.
Nc3 Nf6 16. Qd2 Neg4 17. Bxg4 Bxg4 18. Qd3 Rad8 19. Nce2 Bb8 20. f4 Ba7 21. Ng3
Bd7 1/2-1/2

[Event "Zonal 2.4 Brasil 2011"]
[Site "Rio de Janeiro BRA"]
[Date "2011.06.24"]
[Round "7.4"]
[White "Molina, Roberto Junio Brito"]
[Black "Bittencourt, Jorge"]
[Result "1/2-1/2"]
[WhiteElo "2406"]
[BlackElo "2446"]
[PlyCount "52"]
[EventDate "2011.06.18"]
[EventType "swiss"]
[EventRounds "9"]
[EventCountry "BRA"]
[Source "lmi"]
[SourceDate "2011.06.18"]

1. d4 Nf6 2. c4 e6 3. Nc3 Bb4 4. Qc2 c5 5. dxc5 O-O 6. a3 Bxc5 7. Nf3 b6 8. b4
Be7 9. e4 a5 10. bxa5 Rxa5 11. Bd3 d6 12. O-O Nbd7 13. Rd1 Bb7 14. Bb2 Qa8 15.
Nd2 Nc5 16. f3 Rc8 17. Bf1 Nfd7 18. Qb1 Qb8 19. Ra2 Na4 20. Nxa4 Rxa4 21. Bd4
d5 22. exd5 exd5 23. Qb2 Bf8 24. Qb3 Qa7 25. Bf2 Nc5 26. Qb1 Rxa3 1/2-1/2

[Event "Zonal 2.4 Brasil 2011"]
[Site "Rio de Janeiro BRA"]
[Date "2011.06.24"]
[Round "7.5"]
[White "Guimaraes, Wagner Peixoto"]
[Black "Toth, Christian Endre"]
[Result "1/2-1/2"]
[WhiteElo "2277"]
[BlackElo "2366"]
[PlyCount "37"]
[EventDate "2011.06.18"]
[EventType "swiss"]
[EventRounds "9"]
[EventCountry "BRA"]
[Source "lmi"]
[SourceDate "2011.06.18"]

1. e4 e6 2. d4 d5 3. Nd2 c5 4. exd5 Qxd5 5. Ngf3 cxd4 6. Bc4 Qd6 7. O-O Nf6 8.
Nb3 Nc6 9. Nbxd4 Nxd4 10. Nxd4 Be7 11. c3 O-O 12. Qe2 Bd7 13. Bg5 Rad8 14. Rad1
Qc5 15. Bh4 a6 16. Rfe1 Bc8 17. Bb3 Nd5 18. Bxe7 Nxe7 19. Nf3 1/2-1/2

[Event "Zonal 2.4 Brasil 2011"]
[Site "Rio de Janeiro BRA"]
[Date "2011.06.24"]
[Round "7.6"]
[White "Macedo, Maximo Iack"]
[Black "De Paiva, Pedro Henrique"]
[Result "1-0"]
[WhiteElo "2314"]
[BlackElo "2239"]
[PlyCount "149"]
[EventDate "2011.06.18"]
[EventType "swiss"]
[EventRounds "9"]
[EventCountry "BRA"]
[Source "lmi"]
[SourceDate "2011.06.18"]

1. d4 Nf6 2. Nc3 d5 3. Bg5 Nbd7 4. Qd3 c6 5. Nf3 h6 6. Bf4 e6 7. e4 Bb4 8. exd5
Nxd5 9. Bd2 N7f6 10. Nxd5 Bxd2+ 11. Qxd2 exd5 12. Bd3 O-O 13. O-O Ne4 14. Qc1
Bf5 15. Qf4 Bh7 16. Nd2 Nxd2 17. Qxd2 Re8 18. Bxh7+ Kxh7 19. Rfe1 Qd6 20. c3 g6
21. Re2 Rad8 22. Rae1 Rxe2 23. Qxe2 Rd7 24. Qe8 Kg7 25. g3 a6 26. Kg2 h5 27. h3
Qc7 28. f4 Rd8 29. Qe7 Rd7 30. Qe8 Rd8 31. Qe3 Qd7 32. Qe5+ Kg8 33. Qe7 Kg7 34.
f5 Qxe7 35. Rxe7 Rb8 36. fxg6 Kxg6 37. Rc7 f6 38. Kf3 Kg5 39. Rg7+ Kh6 40. Rf7
Kg6 41. Rc7 Kg5 42. h4+ Kf5 43. Re7 a5 44. Rc7 Kg6 45. Kf4 Re8 46. Rxb7 Re2 47.
a4 Rf2+ 48. Ke3 Rg2 49. Kf3 Rd2 50. Rb6 Rc2 51. g4 hxg4+ 52. Kxg4 Rg2+ 53. Kf3
Rh2 54. Kg3 Rc2 55. Rxc6 Rxb2 56. Rc5 Rb3 57. Kf4 Ra3 58. Rxa5 Rxc3 59. Rxd5
Ra3 60. a5 Kf7 61. h5 Ra1 62. Rb5 Ke6 63. h6 Kf7 64. h7 Kg7 65. Rb7+ Kh8 66. d5
Ra4+ 67. Kf5 Rd4 68. Ke6 Re4+ 69. Kd6 Ra4 70. Ke7 Rxa5 71. d6 Re5+ 72. Kd8 Re1
73. Re7 Rd1 74. d7 f5 75. Ke8 1-0

[Event "Zonal 2.4 Brasil 2011"]
[Site "Rio de Janeiro BRA"]
[Date "2011.06.24"]
[Round "7.7"]
[White "Cavalcanti, Francisco De Assis"]
[Black "Condori, Edwin"]
[Result "1/2-1/2"]
[WhiteElo "2284"]
[BlackElo "2159"]
[PlyCount "28"]
[EventDate "2011.06.18"]
[EventType "swiss"]
[EventRounds "9"]
[EventCountry "BRA"]
[Source "lmi"]
[SourceDate "2011.06.18"]

1. d4 Nf6 2. c4 g6 3. Nc3 Bg7 4. e4 d6 5. f3 O-O 6. Be3 Nc6 7. Qd2 a6 8. Nge2
Rb8 9. Nc1 e5 10. Nb3 exd4 11. Nxd4 Ne5 12. Be2 c5 13. Nc2 Be6 14. b3 Qa5
1/2-1/2

[Event "Zonal 2.4 Brasil 2011"]
[Site "Rio de Janeiro BRA"]
[Date "2011.06.24"]
[Round "7.8"]
[White "Santiago, Yago De Moura"]
[Black "Espinoza, Palomino Willyam"]
[Result "1/2-1/2"]
[WhiteElo "2238"]
[BlackElo "2295"]
[PlyCount "92"]
[EventDate "2011.06.18"]
[EventType "swiss"]
[EventRounds "9"]
[EventCountry "BRA"]
[Source "lmi"]
[SourceDate "2011.06.18"]

1. Nf3 Nf6 2. c4 b6 3. b3 Bb7 4. e3 e6 5. Be2 g6 6. O-O Bg7 7. Bb2 c5 8. d3 O-O
9. a3 Nc6 10. Nbd2 d6 11. Qc2 Qe7 12. Rfe1 Rac8 13. Rad1 e5 14. Nb1 d5 15. Nc3
Rfd8 16. cxd5 Nxd5 17. Nxd5 Rxd5 18. Bc3 Rd7 19. Qb2 Ba6 20. Rd2 Rcd8 21. Red1
Nd4 22. Bf1 Nxf3+ 23. gxf3 Qg5+ 24. Kh1 Qf5 25. Be2 Bxd3 26. Rxd3 Rxd3 27. Rxd3
Rxd3 28. Bxd3 Qxd3 29. Kg2 Qd5 30. e4 Qd6 31. f4 f6 32. fxe5 fxe5 33. Qe2 Qe6
34. Qd1 Bf6 35. h3 Kf7 36. a4 Ke7 37. Bb2 Qd7 38. Qe2 Kf7 39. Qc4+ Kg7 40. Qe2
Kf7 41. Qc4+ Kg7 42. Qe2 h5 43. Kh2 Kh6 44. Qf3 Kg7 45. Qe2 a6 46. Qc2 Qc6
1/2-1/2

[Event "Zonal 2.4 Brasil 2011"]
[Site "Rio de Janeiro BRA"]
[Date "2011.06.24"]
[Round "7.9"]
[White "Aranha Filho, Alvaro Z"]
[Black "Ferreira, Kleber Victor"]
[Result "1-0"]
[WhiteElo "2302"]
[BlackElo "2099"]
[PlyCount "57"]
[EventDate "2011.06.18"]
[EventType "swiss"]
[EventRounds "9"]
[EventCountry "BRA"]
[Source "lmi"]
[SourceDate "2011.06.18"]

1. e4 e6 2. d4 d5 3. Nc3 dxe4 4. Nxe4 Qd5 5. Nc3 Bb4 6. Nf3 Nf6 7. Bd2 Bxc3 8.
bxc3 c5 9. Bd3 Nbd7 10. Qe2 O-O 11. O-O b6 12. c4 Qh5 13. c3 Bb7 14. Ne5 Qxe2
15. Bxe2 Nxe5 16. dxe5 Nd7 17. Bf4 h6 18. Rfd1 Rfd8 19. Rd6 Kf8 20. a4 a5 21.
Rad1 Ke7 22. Bg3 Rac8 23. f4 Bc6 24. Bh4+ f6 25. Bg4 Bxa4 26. R1d2 Rc6 27. Ra2
Bb3 28. Ra3 Nxe5 29. fxe5 1-0

[Event "Zonal 2.4 Brasil 2011"]
[Site "Rio de Janeiro BRA"]
[Date "2011.06.24"]
[Round "7.10"]
[White "Teixeira, Ricardo Da Silva"]
[Black "Maia Jose, Eduardo Bastos O"]
[Result "1-0"]
[WhiteElo "2292"]
[BlackElo "2127"]
[PlyCount "55"]
[EventDate "2011.06.18"]
[EventType "swiss"]
[EventRounds "9"]
[EventCountry "BRA"]
[Source "lmi"]
[SourceDate "2011.06.18"]

1. d4 d5 2. Nf3 Nf6 3. e3 Bf5 4. c4 c6 5. cxd5 cxd5 6. Qb3 Qc7 7. Nc3 e6 8.
Bb5+ Nc6 9. Ne5 Bd6 10. f4 O-O 11. O-O Nb4 12. Qd1 h6 13. Bd2 a6 14. Be2 Rfc8
15. a3 Nc6 16. Rc1 Qd8 17. Be1 Ne7 18. g4 Bh7 19. Bf3 Rc7 20. Bh4 Rac8 21. Qd2
Ne4 22. Nxe4 dxe4 23. Be2 Rxc1 24. Rxc1 Rxc1+ 25. Qxc1 Qc8 26. Qxc8+ Nxc8 27.
Nd7 f6 28. Bc4 1-0

[Event "Zonal 2.4 Brasil 2011"]
[Site "Rio de Janeiro BRA"]
[Date "2011.06.24"]
[Round "7.11"]
[White "Pluschkat, Gustavo Ranulpho"]
[Black "Brito, Luismar"]
[Result "1-0"]
[WhiteElo "1942"]
[BlackElo "2277"]
[PlyCount "129"]
[EventDate "2011.06.18"]
[EventType "swiss"]
[EventRounds "9"]
[EventCountry "BRA"]
[Source "lmi"]
[SourceDate "2011.06.18"]

1. d4 Nf6 2. g3 g6 3. Bg2 Bg7 4. e4 d6 5. Ne2 c6 6. Bd2 Nbd7 7. Na3 d5 8. e5
Ng8 9. c4 Nb6 10. c5 Nd7 11. b4 Nf8 12. Rb1 a6 13. Nc2 Bf5 14. Rb3 h5 15. h3
Qc8 16. Ne3 Nh6 17. Nc3 Be6 18. Na4 Nd7 19. g4 Qc7 20. f4 O-O-O 21. Rf1 hxg4
22. hxg4 f5 23. g5 Ng4 24. Rf3 Rh4 25. Nf1 Rdh8 26. Rh3 Qd8 27. Rxh4 Rxh4 28.
Rh3 Qh8 29. Qf3 Kc7 30. Ke2 Nf8 31. Rxh4 Qxh4 32. Qg3 Qh5 33. Bf3 Bd7 34. Kd3
Ne6 35. Nb6 Be8 36. a4 Kb8 37. Ne3 Qh2 38. Nf1 Nf2+ 39. Ke3 Qxg3 40. Nxg3 Ne4
41. Nf1 Kc7 42. Be1 Bf7 43. Be2 Be8 44. Nh2 Nf8 45. b5 axb5 46. axb5 Ne6 47.
Nf3 Kb8 48. Nh4 Nc7 49. bxc6 bxc6 50. Bf1 Kb7 51. Bh3 e6 52. Bf1 Bf8 53. Bb4
Be7 54. Nf3 Nb5 55. Na4 Bd8 56. Be1 Ka6 57. Bd3 Ba5 58. Bxa5 Kxa5 59. Nb6 Na7
60. Bxe4 dxe4 61. Nd2 Nb5 62. Ndc4+ Kb4 63. Nd6 Nc7 64. Kd2 Kb3 65. Nbc8 1-0

[Event "Zonal 2.4 Brasil 2011"]
[Site "Rio de Janeiro BRA"]
[Date "2011.06.24"]
[Round "7.12"]
[White "Cuellar, Diego"]
[Black "Quintiliano Pinto, Renato R"]
[Result "1/2-1/2"]
[WhiteElo "2124"]
[BlackElo "2259"]
[PlyCount "112"]
[EventDate "2011.06.18"]
[EventType "swiss"]
[EventRounds "9"]
[EventCountry "BRA"]
[Source "lmi"]
[SourceDate "2011.06.18"]

1. e4 c5 2. Nf3 d6 3. d4 cxd4 4. Nxd4 Nf6 5. Nc3 g6 6. Be3 Bg7 7. f3 O-O 8. Qd2
Nc6 9. O-O-O d5 10. Kb1 Rb8 11. g4 Nxd4 12. Bxd4 dxe4 13. g5 Nh5 14. Qe3 Qa5
15. Bxg7 Nxg7 16. fxe4 Be6 17. Nd5 Rbd8 18. Bc4 Bxd5 19. Bxd5 b6 20. h4 e6 21.
Bc4 Qe5 22. Rxd8 Rxd8 23. Qf3 Nh5 24. Rf1 Qf4 25. Bd3 Qxf3 26. Rxf3 e5 27. c3
Nf4 28. Kc2 Kg7 29. b4 h6 30. gxh6+ Kxh6 31. Bc4 Kh5 32. Bxf7 Kxh4 33. Rf1 g5
34. Rh1+ Kg3 35. Rg1+ Ng2 36. Kb3 Kf2 37. Rc1 Ne3 38. c4 g4 39. c5 bxc5 40.
bxc5 Rc8 41. c6 g3 42. Be6 Rc7 43. Kb4 g2 44. Kc5 Kg3 45. Rg1 Kf2 46. Rc1 Kg3
47. Rg1 Kf2 48. Rxg2+ Kxg2 49. Kd6 Rxc6+ 50. Kxc6 Kf3 51. Bf5 Kf4 52. Bg6 Ng4
53. a4 Nf6 54. a5 Nxe4 55. Kb7 Nc5+ 56. Kxa7 Ke3 1/2-1/2

[Event "Zonal 2.4 Brasil 2011"]
[Site "Rio de Janeiro BRA"]
[Date "2011.06.24"]
[Round "7.13"]
[White "Miranda Neto, Jayme Amorim"]
[Black "Madeira, Wagner Martins"]
[Result "0-1"]
[WhiteElo "2070"]
[BlackElo "2210"]
[PlyCount "90"]
[EventDate "2011.06.18"]
[EventType "swiss"]
[EventRounds "9"]
[EventCountry "BRA"]
[Source "lmi"]
[SourceDate "2011.06.18"]

1. c4 Nf6 2. Nc3 g6 3. e4 d6 4. g3 Bg7 5. Bg2 O-O 6. Nge2 c5 7. O-O Nc6 8. d3
a6 9. h3 Rb8 10. a4 Ne8 11. Bg5 Nc7 12. Qd2 Ne6 13. Bh6 Ned4 14. Bxg7 Kxg7 15.
Nxd4 Nxd4 16. Ne2 Nxe2+ 17. Qxe2 b5 18. axb5 axb5 19. b3 Qb6 20. e5 Bb7 21.
Rfd1 Bxg2 22. Kxg2 Qb7+ 23. Qe4 dxe5 24. Ra5 f5 25. Qxb7 Rxb7 26. cxb5 Rfb8 27.
b6 Rxb6 28. Rxc5 Rb5 29. Rdc1 Kf6 30. Rxb5 Rxb5 31. Rc3 h5 32. h4 e6 33. Kf3
Rb4 34. Ke3 f4+ 35. Kf3 g5 36. hxg5+ Kxg5 37. Rc8 e4+ 38. dxe4 Rxb3+ 39. Kg2
f3+ 40. Kh2 Rb2 41. Rg8+ Kh6 42. Re8 Rxf2+ 43. Kh3 Rf1 44. Rxe6+ Kg7 45. Kh2
Re1 0-1

[Event "Zonal 2.4 Brasil 2011"]
[Site "Rio de Janeiro BRA"]
[Date "2011.06.24"]
[Round "7.14"]
[White "Zambrana, Oswaldo"]
[Black "Da Silva, Wagner Jose"]
[Result "1-0"]
[WhiteElo "2514"]
[BlackElo "1828"]
[PlyCount "105"]
[EventDate "2011.06.18"]
[EventType "swiss"]
[EventRounds "9"]
[EventCountry "BRA"]
[Source "lmi"]
[SourceDate "2011.06.18"]

1. e4 c5 2. Nf3 Nc6 3. d4 cxd4 4. Nxd4 Nf6 5. Nc3 e5 6. Ndb5 d6 7. Bg5 a6 8.
Na3 b5 9. Nd5 Qa5+ 10. Bd2 Qd8 11. c4 Nxe4 12. cxb5 Nd4 13. b6 Nxf2 14. Nc7+
Qxc7 15. Qa4+ Qd7 16. Qxd7+ Bxd7 17. Kxf2 Rb8 18. Nc4 Bb5 19. Ba5 Nc6 20. Bc3
Bxc4 21. Bxc4 Rxb6 22. a4 d5 23. Bxd5 Bc5+ 24. Ke2 Nd4+ 25. Kd3 Rd6 26. Kc4 Ba7
27. Bb4 Rd7 28. Rac1 Ne2 29. Rce1 Rc7+ 30. Kd3 Nf4+ 31. Ke4 Nxd5 32. Kxd5 Bd4
33. Rc1 Rxc1 34. Rxc1 Kd7 35. Rc6 Ra8 36. Bd6 Ra7 37. b4 f6 38. g4 g6 39. Bc5
Bxc5 40. bxc5 Ke7 41. Re6+ Kf7 42. Kd6 a5 43. c6 h6 44. h4 h5 45. g5 fxg5 46.
hxg5 Ra8 47. Re7+ Kf8 48. c7 Ra6+ 49. Kd7 Ra8 50. Rxe5 h4 51. Rxa5 Rxa5 52.
c8=Q+ Kf7 53. Qc4+ 1-0

[Event "Zonal 2.4 Brasil 2011"]
[Site "Rio de Janeiro BRA"]
[Date "2011.06.24"]
[Round "7.15"]
[White "Gonzalez, Bolivar Ribeiro"]
[Black "Dias, Simao Poscidonio"]
[Result "0-1"]
[WhiteElo "2317"]
[BlackElo "2029"]
[PlyCount "100"]
[EventDate "2011.06.18"]
[EventType "swiss"]
[EventRounds "9"]
[EventCountry "BRA"]
[Source "lmi"]
[SourceDate "2011.06.18"]

1. e4 e5 2. Nf3 Nf6 3. Nxe5 d6 4. Nxf7 Kxf7 5. d4 c5 6. Nc3 Nc6 7. Bc4+ d5 8.
exd5 Nxd4 9. Be3 b5 10. Bf1 Qe8 11. Qd2 Bg4 12. h3 Bh5 13. Ne2 Bxe2 14. Bxe2
Nxe2 15. Qxe2 Bd6 16. O-O-O Rf8 17. Rhe1 Kg8 18. g4 c4 19. g5 Nd7 20. Qg4 Ne5
21. Qe6+ Qxe6 22. dxe6 Nf3 23. Re2 Be7 24. Rd7 Bxg5 25. Bxg5 Nxg5 26. e7 Rfe8
27. Rd5 Nxh3 28. Rxb5 Nf4 29. Re4 Ng6 30. Rb7 Kf7 31. Rxc4 Rxe7 32. Rxe7+ Kxe7
33. Rc7+ Kf6 34. Rc6+ Kf7 35. Rc7+ Kf6 36. Rc6+ Ke7 37. Rc7+ Kf8 38. b4 h5 39.
Rd7 h4 40. a4 h3 41. Kb2 h2 42. Rd1 Ne5 43. b5 Nf3 44. Rh1 Re8 45. a5 Re1 46.
b6 axb6 47. axb6 Rxh1 48. b7 Rb1+ 49. Kxb1 h1=Q+ 50. Kb2 Qh2 0-1

[Event "Zonal 2.4 Brasil 2011"]
[Site "Rio de Janeiro BRA"]
[Date "2011.06.24"]
[Round "7.16"]
[White "Mascarenhas, Alberto Pinheiro"]
[Black "Pazos, Marco"]
[Result "1-0"]
[WhiteElo "2240"]
[BlackElo "1985"]
[PlyCount "77"]
[EventDate "2011.06.18"]
[EventType "swiss"]
[EventRounds "9"]
[EventCountry "BRA"]
[Source "lmi"]
[SourceDate "2011.06.18"]

1. c4 Nf6 2. Nc3 g6 3. Nf3 Bg7 4. g3 O-O 5. Bg2 d6 6. d4 c5 7. d5 e6 8. O-O
exd5 9. cxd5 Re8 10. Nd2 b6 11. a4 Ba6 12. Nb5 Bxb5 13. axb5 a5 14. Nc4 Qc7 15.
Bf4 Bf8 16. Qd3 Nbd7 17. Bg5 Ng4 18. f4 Bg7 19. Rf3 f5 20. h3 Ngf6 21. Rff1 Ne4
22. Bh4 Ndf6 23. g4 Re7 24. Bf3 Rae8 25. Kh2 Kh8 26. Rg1 Rf7 27. Rg2 Ng8 28. e3
Qb7 29. gxf5 gxf5 30. Bh5 Ree7 31. Rag1 Ngf6 32. Bxf7 Rxf7 33. Nxd6 Nxd6 34.
Rxg7 Rxg7 35. Bxf6 Ne8 36. Bxg7+ Nxg7 37. Qc3 Qe7 38. d6 Qd7 39. Rxg7 1-0

[Event "Zonal 2.4 Brasil 2011"]
[Site "Rio de Janeiro BRA"]
[Date "2011.06.24"]
[Round "7.17"]
[White "Chiari, Arthur Gontijo"]
[Black "Palacios, Efrain"]
[Result "0-1"]
[WhiteElo "2016"]
[BlackElo "2176"]
[PlyCount "126"]
[EventDate "2011.06.18"]
[EventType "swiss"]
[EventRounds "9"]
[EventCountry "BRA"]
[Source "lmi"]
[SourceDate "2011.06.18"]

1. e4 c5 2. Nf3 e6 3. d4 cxd4 4. Nxd4 a6 5. Nc3 Nc6 6. Nxc6 bxc6 7. Bd3 d6 8.
O-O Nf6 9. Na4 Qc7 10. c4 c5 11. Nc3 Bb7 12. Qe2 g6 13. b3 Bg7 14. Bb2 O-O 15.
f4 Rfe8 16. Rad1 Nd7 17. Bb1 Rad8 18. Na4 f5 19. Bxg7 Kxg7 20. Rfe1 Nf6 21. Nc3
d5 22. e5 Nh5 23. Qf2 dxc4 24. bxc4 Qc6 25. Ne2 h6 26. h4 a5 27. Bc2 a4 28.
Rxd8 Rxd8 29. Rd1 Rxd1+ 30. Bxd1 a3 31. Bc2 Kf7 32. Kf1 Ke7 33. Bd1 Kf7 34. Nc3
Ba6 35. Bxh5 gxh5 36. Qe2 Kg6 37. Kf2 Qd7 38. Nb5 Bb7 39. Nxa3 Qd4+ 40. Qe3
Qb2+ 41. Ke1 Qa1+ 42. Kd2 Qxa2+ 43. Nc2 Qxc4 44. g3 Be4 45. Qc3 Qb5 46. Na3
Qd7+ 47. Kc1 Qa7 48. Nc4 Bd5 49. Nd6 c4 50. Kb2 Qb6+ 51. Kc2 Qf2+ 52. Kc1 Qc5
53. Kb2 Kg7 54. Kc1 Kf8 55. Qb2 Qg1+ 56. Kc2 Qf2+ 57. Kc1 Qf1+ 58. Kc2 Qd3+ 59.
Kc1 Kg7 60. Qf2 Qa3+ 61. Kb1 c3 62. Qc2 Kf8 63. Qf2 Bb3 0-1

[Event "Zonal 2.4 Brasil 2011"]
[Site "Rio de Janeiro BRA"]
[Date "2011.06.24"]
[Round "7.18"]
[White "Borda, Alan"]
[Black "Suasnabar, Jesus"]
[Result "1-0"]
[WhiteElo "2151"]
[BlackElo "1983"]
[PlyCount "137"]
[EventDate "2011.06.18"]
[EventType "swiss"]
[EventRounds "9"]
[EventCountry "BRA"]
[Source "lmi"]
[SourceDate "2011.06.18"]

1. d4 d5 2. Bg5 h6 3. Bh4 c6 4. c3 Bf5 5. e3 Qb6 6. Qb3 Nd7 7. Nd2 Ngf6 8. Ngf3
e6 9. Be2 Bd6 10. Bg3 Bxg3 11. hxg3 Qxb3 12. axb3 Ne4 13. b4 a6 14. Nb3 O-O 15.
O-O Rfe8 16. Rfd1 Bh7 17. Ra3 Rac8 18. Ne1 e5 19. Nc5 Nexc5 20. bxc5 Rc7 21.
Nf3 g5 22. Nd2 Re7 23. Rc1 Kg7 24. Nb3 exd4 25. cxd4 Nf8 26. Na5 Bf5 27. Rb3
Bc8 28. Bd3 Nh7 29. Be2 Nf6 30. Bf3 Ne4 31. Bxe4 Rxe4 32. Rbc3 f5 33. Nb3 Re8
34. Nd2 g4 35. Nb3 Kf6 36. Kf1 h5 37. Ke2 Rh7 38. Rh1 Reh8 39. Rh4 Re7 40. Nc1
Be6 41. Nd3 Bf7 42. Ra3 Kg5 43. Kd2 Kg6 44. Nf4+ Kf6 45. Kc3 Bg6 46. Kb4 Bf7
47. Ka5 Bg6 48. Kb6 Rhh7 49. Rh1 Be8 50. Raa1 Bf7 51. Rh2 Be8 52. Rah1 Bf7 53.
Nd3 Be8 54. Ne5 Rh6 55. Rc1 Rhh7 56. Rhh1 Rh6 57. Nd3 Rhh7 58. Nf4 Rh6 59. Rc3
Rhh7 60. Rb3 Rh6 61. Ka7 Rhh7 62. Rb6 Bg6 63. Rc1 Be8 64. Rc3 h4 65. gxh4 Rxh4
66. g3 Rh2 67. Nd3 Rh1 68. Rxb7 Rxb7+ 69. Kxb7 1-0

[Event "Zonal 2.4 Brasil 2011"]
[Site "Rio de Janeiro BRA"]
[Date "2011.06.24"]
[Round "7.20"]
[White "Mariano, Marceley Martins"]
[Black "Nery Junior, Jose Antonio"]
[Result "1-0"]
[WhiteElo "2043"]
[BlackElo "2017"]
[PlyCount "139"]
[EventDate "2011.06.18"]
[EventType "swiss"]
[EventRounds "9"]
[EventCountry "BRA"]
[Source "lmi"]
[SourceDate "2011.06.18"]

1. e4 d5 2. exd5 Qxd5 3. Nc3 Qa5 4. d4 Nf6 5. Nf3 Bg4 6. h3 Qh5 7. hxg4 Qxh1 8.
Ne2 g5 9. Bxg5 Ne4 10. Bf4 f5 11. Qd3 fxg4 12. Qxe4 gxf3 13. Qxf3 c6 14. Qg4
Nd7 15. Ng3 Nf6 16. Qg5 Qh2 17. Qe5 Nd5 18. Qxh8 Nxf4 19. O-O-O Nxg2 20. Bd3
Nf4 21. Qxh7 Qxf2 22. Nf5 Nxd3+ 23. cxd3 O-O-O 24. Qf7 Qe2 25. Rd2 Qe1+ 26. Kc2
e6 27. Ne7+ Kb8 28. Qf4+ Ka8 29. Ng6 Bb4 30. Rf2 Qg1 31. Qf6 Rg8 32. Ne5 a6 33.
Nd7 Bd6 34. Re2 Bh2 35. Qxe6 Rd8 36. Qe7 Rg8 37. Nc5 Rg7 38. Qd8+ Ka7 39. a4
Rg8 40. Qf6 Bc7 41. Qf2 Qa1 42. Re7 Qh1 43. Re2 Qd5 44. Qe3 Bb6 45. Qe6 Qg5 46.
Qe7 Rg7 47. Qxg5 Rxg5 48. b4 a5 49. Re7 Bxc5 50. bxc5 Rg2+ 51. Kc3 Kb8 52. Re8+
Ka7 53. d5 cxd5 54. Re5 Rg4 55. Rxd5 Rxa4 56. Rd7 Kb8 57. d4 Kc8 58. Rg7 Ra1
59. Kc4 a4 60. Rg6 Rb1 61. Rg3 b5+ 62. Kd5 b4 63. Kd6 Rh1 64. Rg8+ Kb7 65. c6+
Ka7 66. c7 Rc1 67. c8=Q Rxc8 68. Rxc8 b3 69. Rc4 Kb6 70. Rxa4 1-0

[Event "Zonal 2.4 Brasil 2011"]
[Site "Rio de Janeiro BRA"]
[Date "2011.06.24"]
[Round "7.22"]
[White "Pereira, Celio Antunes"]
[Black "Abdalla, Luiz Guilherme Aure"]
[Result "0-1"]
[WhiteElo "2039"]
[BlackElo "2289"]
[PlyCount "80"]
[EventDate "2011.06.18"]
[EventType "swiss"]
[EventRounds "9"]
[EventCountry "BRA"]
[Source "lmi"]
[SourceDate "2011.06.18"]

1. d4 d5 2. c4 e6 3. Nc3 c6 4. Nf3 dxc4 5. a4 Bb4 6. g3 Nf6 7. Bg2 c5 8. O-O
cxd4 9. Nxd4 O-O 10. Ndb5 Nc6 11. Bf4 Bd7 12. Bc7 Qe7 13. Bd6 Bxd6 14. Nxd6 Na5
15. e4 e5 16. Ndb5 Bc6 17. Qe2 Qc5 18. Rfd1 Rfd8 19. Nc7 Rac8 20. N7d5 Bxd5 21.
exd5 a6 22. Bh3 Rc7 23. Qxe5 Nb3 24. Rab1 Re7 25. Qf4 b5 26. axb5 axb5 27. Bg2
b4 28. Ne4 Nxe4 29. Bxe4 Qd6 30. Qh4 g6 31. Bf3 Rc7 32. Qg5 Rb8 33. Re1 c3 34.
bxc3 bxc3 35. Qe3 Qc5 36. Qd3 Rb4 37. Re8+ Kg7 38. d6 Rd7 39. Rbe1 Rxd6 40. Qe2
Rd2 0-1

[Event "Zonal 2.4 Brasil 2011"]
[Site "Rio de Janeiro BRA"]
[Date "2011.06.24"]
[Round "7.23"]
[White "Souza, Marcos Valerio A"]
[Black "Cuellar, Ulises"]
[Result "0-1"]
[WhiteElo "2097"]
[BlackElo "1994"]
[PlyCount "154"]
[EventDate "2011.06.18"]
[EventType "swiss"]
[EventRounds "9"]
[EventCountry "BRA"]
[Source "lmi"]
[SourceDate "2011.06.18"]

1. d4 Nf6 2. Bf4 d5 3. e3 e6 4. Bd3 c5 5. c3 Nc6 6. Nd2 Bd6 7. Bg3 O-O 8. Ngf3
b6 9. Ne5 Bb7 10. f4 cxd4 11. exd4 Ne8 12. Qh5 g6 13. Qh3 Be7 14. O-O Nf6 15.
Rae1 Nh5 16. Re3 Nxe5 17. fxe5 Bg5 18. Re2 a5 19. Nf3 Nxg3 20. hxg3 Ba6 21.
Bxa6 Rxa6 22. Kf2 Kg7 23. Rh1 h6 24. Qg4 Be7 25. Qf4 Bg5 26. Nxg5 Qxg5 27. Qxg5
hxg5 28. Kf3 b5 29. Kg4 b4 30. Kxg5 bxc3 31. bxc3 Rc6 32. Rc1 Rfc8 33. Rec2 Rc4
34. Kf4 Rb8 35. Ke3 Kh6 36. Rh1+ Kg5 37. Rf1 Rb7 38. Rf4 a4 39. Kd3 Rbc7 40.
Kd2 Rb7 41. Kc1 Rc8 42. Rf3 Rcb8 43. Kd2 Rc7 44. Kd3 Rb1 45. Rcf2 Rc1 46. Rc2
Ra1 47. Ke2 Rb7 48. c4 dxc4 49. Rfc3 Rb4 50. Rxc4 Rxc4 51. Rxc4 Rxa2+ 52. Kf3
a3 53. Ra4 Ra1 54. g4 a2 55. Kf2 Rd1 56. Rxa2 Rxd4 57. Ke3 Rf4 58. g3 Rf1 59.
Ke2 Rb1 60. Ra4 Rb5 61. Re4 Rb3 62. Kf2 f6 63. exf6 Kxf6 64. Rf4+ Ke7 65. Rf3
Rxf3+ 66. Kxf3 Kd6 67. Ke4 g5 68. Kd4 e5+ 69. Ke4 Ke6 70. Ke3 Kd5 71. Kd3 e4+
72. Ke3 Ke5 73. Ke2 Kd4 74. Kd2 e3+ 75. Ke2 Ke4 76. Ke1 Kf3 77. Kf1 Kxg3 0-1

[Event "Zonal 2.4 Brasil 2011"]
[Site "Rio de Janeiro BRA"]
[Date "2011.06.24"]
[Round "7.24"]
[White "Rodrigues, Nei Jorge"]
[Black "Silva, Marcelo Dos Santos"]
[Result "0-1"]
[WhiteElo "2029"]
[BlackElo "2038"]
[PlyCount "152"]
[EventDate "2011.06.18"]
[EventType "swiss"]
[EventRounds "9"]
[EventCountry "BRA"]
[Source "lmi"]
[SourceDate "2011.06.18"]

1. d4 e6 2. c4 f5 3. g3 Nf6 4. Bg2 d5 5. Nf3 c6 6. O-O Bd6 7. b3 Qe7 8. a4 Ne4
9. c5 Bc7 10. Bf4 Bxf4 11. gxf4 O-O 12. b4 Kh8 13. Ne5 Nd7 14. Bxe4 fxe4 15. e3
Nxe5 16. dxe5 g5 17. f3 gxf4 18. fxe4 fxe3 19. Ra2 Bd7 20. Rg2 Rxf1+ 21. Qxf1
Rf8 22. Qd3 Qf7 23. Na3 Qf3 24. Nc2 dxe4 25. Qe2 Be8 26. Nxe3 Bh5 27. Qf2 Rd8
28. h3 Qxf2+ 29. Kxf2 Bf3 30. Rg1 Rd2+ 31. Kg3 Rd3 32. Kf4 Ra3 33. Nc2 Rd3 34.
Ne3 Rb3 35. Nc2 Bh5 36. Nd4 Rxb4 37. Nxe6 Bg6 38. Kg5 Rb3 39. h4 Rf3 40. h5
Rf5+ 41. Kg4 Rxe5 42. Ng5 h6 43. Nh3 Bf5+ 44. Kf4 Rxc5 45. Nf2 Bh7 46. Ng4 Rxh5
47. a5 Rf5+ 48. Ke3 h5 49. Nh2 Rxa5 50. Rd1 Ra3+ 51. Kf4 Rd3 52. Rg1 Rd2 53.
Nf1 Rd1 54. Ke3 c5 55. Ke2 Ra1 56. Rg5 c4 57. Rxh5 b6 58. Ne3 Kg7 59. Nxc4 Bg6
60. Rh4 Kf6 61. Rf4+ Ke6 62. Rh4 b5 63. Nd2 Ke5 64. Nb3 Ra2+ 65. Ke1 Rc2 66.
Rg4 Bf7 67. Nd2 Kf5 68. Rg7 Kf6 69. Rg3 Bd5 70. Kd1 Rc7 71. Nf1 a5 72. Ra3 a4
73. Ne3 Bb3+ 74. Ke2 Ke5 75. Ng4+ Kd4 76. Ne3 Rc3 0-1